[Event "CRO-chT3W"]
[Site "Croatia"]
[Date "2016.03.06"]
[Round "3.4"]
[White "Oljaca, Manuel"]
[Black "Rajkovic, Frano"]
[Result "1-0"]
[WhiteElo "1997"]
[BlackElo "1762"]
[PlyCount "77"]
[EventDate "2016.03.05"]
[EventType "team-tourn"]
[EventRounds "9"]
[EventCountry "CRO"]
[SourceTitle "CBM 171 Extra"]
[Source "ChessBase"]
[SourceDate "2016.04.26"]
[SourceVersion "1"]
[SourceVersionDate "2016.04.26"]
[SourceQuality "1"]
[WhiteTeam "Mali Los¡inj"]
[BlackTeam "Pula II"]
[WhiteTeamCountry "CRO"]
[BlackTeamCountry "CRO"]

1. d4 d5 2. c4 c6 3. Nc3 Nf6 4. Nf3 Bf5 5. cxd5 cxd5 6. Qb3 Qb6 7. Nxd5 Nxd5 8. Qxd5 e6 9. Qb3 Nc6 10. Qxb6 axb6 11. Bd2 Bb4 12. e3 0-0 13. Bc4 Rfc8 14. Bb3 Bxd2+ 15. Kxd2 Nb4 16. Ne5 Nxa2 17. e4 Bxe4 18. Rxa2 Rxa2 19. Bxa2 Rc2+ 20. Ke3 Bxg2 21. Rb1 g6 22. Bc4 Bh3 23. Bd3 Rc7 24. Nc4 Rc6 25. Ra1 Bf5 26. Ra3 Bxd3 27. Kxd3 b5 28. Nd2 Kg7 29. Rb3 Rb6 30. Ne4 f5 31. Nc3 b4 32. Na4 Rb5 33. Kc4 Rd5 34. Rxb4 b5+ 35. Rxb5 Rxb5 36. Kxb5 g5 37. Kc6 g4 38. b4 f4 39. b5 1-0

[Event "CRO-chT2 West"]
[Site "Croatia"]
[Date "2015.10.24"]
[Round "7.4"]
[White "Brenc, Tomislav"]
[Black "Oljaca, Manuel"]
[Result "1-0"]
[WhiteElo "2046"]
[BlackElo "1985"]
[PlyCount "75"]
[EventDate "2015.02.21"]
[EventType "team-tourn"]
[EventRounds "9"]
[EventCountry "CRO"]
[SourceTitle "EXT 2017"]
[Source "ChessBase"]
[SourceDate "2016.10.25"]
[SourceVersion "1"]
[SourceVersionDate "2016.10.25"]
[SourceQuality "1"]
[WhiteTeam "Ravna Gora Goranka"]
[BlackTeam "Mali Losinj"]
[WhiteTeamCountry "CRO"]
[BlackTeamCountry "CRO"]

1. e4 e5 2. Nf3 Nc6 3. Bc4 Nf6 4. d4 exd4 5. 0-0 Nxe4 6. Re1 d5 7. Bxd5 Qxd5 8. Nc3 Qh5 9. Nxe4 Be6 10. Bg5 Bd6 11. Bf6 0-0 12. Nxd6 cxd6 13. Bxd4 Bg4 14. Re3 Rfe8 15. h3 Bd7 16. Rxe8+ Rxe8 17. Bc3 Qg6 18. Kh2 Ne7 19. Qd2 Bc6 20. Re1 Nf5 21. Rxe8+ Bxe8 22. g4 Nh6 23. Qf4 Bc6 24. Nh4 Qxc2 25. g5 Qd1 26. f3 Qf1 27. gxh6 Qf2+ 28. Ng2 Bxf3 29. Qg5 Qxg2+ 30. Qxg2 Bxg2 31. Kxg2 gxh6 32. Kf3 Kf8 33. Ke4 Ke7 34. Kd5 f5 35. Bd2 h5 36. Bg5+ Kf7 37. Kxd6 Kg6 38. Bf4 1-0

[Event "CRO-chT2 West"]
[Site "Croatia"]
[Date "2015.03.22"]
[Round "5.4"]
[White "Ikica, Ante"]
[Black "Oljaca, Manuel"]
[Result "0-1"]
[WhiteElo "1962"]
[BlackElo "1985"]
[PlyCount "60"]
[EventDate "2015.02.21"]
[EventType "team-tourn"]
[EventRounds "9"]
[EventCountry "CRO"]
[SourceTitle "EXT 2016"]
[Source "ChessBase"]
[SourceDate "2015.10.08"]
[SourceVersion "1"]
[SourceVersionDate "2015.10.08"]
[SourceQuality "1"]
[WhiteTeam "Porec Gortan"]
[BlackTeam "Mali Losinj"]
[WhiteTeamCountry "CRO"]
[BlackTeamCountry "CRO"]

1. e4 e5 2. Bc4 Nf6 3. d3 Nc6 4. c3 Be7 5. Nf3 d5 6. exd5 Nxd5 7. 0-0 Bg4 8. h3 Bh5 9. Nbd2 f5 10. Re1 Qd6 11. Nf1 0-0-0 12. Ng3 Bg6 13. Bb5 Bf6 14. Bxc6 bxc6 15. Qa4 Kd7 16. Bg5 Rde8 17. Bxf6 gxf6 18. Nh4 f4 19. Ne4 Bxe4 20. dxe4 Nb6 21. Qb3 Kc8 22. a4 Qe6 23. Qc2 Rhg8 24. Kh2 Rg5 25. a5 Nc4 26. Qe2 Reg8 27. b3 Nd6 28. Qa6+ Kd7 29. Rab1 Rh5 30. Nf3 Rxg2+ 0-1

[Event "CRO-chT2 West"]
[Site "Croatia"]
[Date "2014.11.16"]
[Round "8.53"]
[White "Grozdanic, Velin"]
[Black "Oljaca, Manuel"]
[Result "1/2-1/2"]
[WhiteElo "2074"]
[BlackElo "1998"]
[PlyCount "112"]
[EventDate "2014.03.15"]
[EventType "team-tourn"]
[EventRounds "9"]
[EventCountry "CRO"]
[SourceTitle "EXT 2019"]
[Source "ChessBase"]
[SourceDate "2018.10.10"]
[SourceVersion "1"]
[SourceVersionDate "2018.10.10"]
[SourceQuality "1"]
[WhiteTeam "Rijeka Junior"]
[BlackTeam "Mali Losinj"]
[WhiteTeamCountry "CRO"]
[BlackTeamCountry "CRO"]

1. e4 e5 2. Nf3 Nc6 3. d4 exd4 4. Nxd4 Qh4 5. Nb5 Bb4+ 6. c3 Ba5 7. Bd3 a6 8. N5a3 b5 9. Be3 d6 10. 0-0 Nh6 11. f3 0-0 12. b4 Bb6 13. Bxb6 cxb6 14. Nc2 Bb7 15. Ne3 Ne5 16. Be2 Rad8 17. Nd5 Kh8 18. g3 Qh3 19. Nf4 Qc8 20. g4 g5 21. Nd5 Qe6 22. Nc7 Qc8 23. Nd5 Qe6 24. Nc7 Qd7 25. Nd5 f6 26. Na3 Qc6 27. Nc2 Qc8 28. Nce3 Qe6 29. Qb3 Rc8 30. Rfc1 Rfe8 31. Nxb6 Qxb3 32. axb3 Rcd8 33. Nbd5 Kg7 34. Kf2 Rc8 35. c4 bxc4 36. bxc4 Nc6 37. b5 axb5 38. cxb5 Nd4 39. Rxc8 Rxc8 40. Ra7 Rb8 41. b6 Nc6 42. Ra3 Nf7 43. Bb5 Nd4 44. Bd3 Ne5 45. Be2 Kg6 46. Ne7+ Kf7 47. N3d5 Nec6 48. Nxc6 Bxc6 49. Ra7+ Kf8 50. Rxh7 Bxd5 51. exd5 Rxb6 52. Ke3 Nxe2 53. Kxe2 Rb5 54. Ke3 Rxd5 55. Ke4 Re5+ 56. Kd4 Re7 1/2-1/2

[Event "CRO-chT2 West"]
[Site "Croatia"]
[Date "2014.03.30"]
[Round "5.33"]
[White "Oljaca, Manuel"]
[Black "Ugulin, Silvano"]
[Result "0-1"]
[WhiteElo "1998"]
[BlackElo "2030"]
[PlyCount "120"]
[EventDate "2014.03.15"]
[EventType "team-tourn"]
[EventRounds "9"]
[EventCountry "CRO"]
[SourceTitle "EXT 2019"]
[Source "ChessBase"]
[SourceDate "2018.10.10"]
[SourceVersion "1"]
[SourceVersionDate "2018.10.10"]
[SourceQuality "1"]
[WhiteTeam "Mali Losinj"]
[BlackTeam "Rovinj Batana"]
[WhiteTeamCountry "CRO"]
[BlackTeamCountry "CRO"]

1. d4 d5 2. c4 c6 3. Nc3 Nf6 4. Nf3 a6 5. a4 a5 6. cxd5 cxd5 7. g3 e6 8. Bg2 b6 9. 0-0 Ba6 10. Re1 Bb4 11. Bg5 Nbd7 12. Ne5 Rc8 13. e4 dxe4 14. Nxd7 Qxd7 15. Bxf6 gxf6 16. Nxe4 Ke7 17. Re3 Bb7 18. Qf3 f5 19. Qxf5 exf5 20. Nc5+ Kd8 21. Nxd7 Bxg2 22. Nxb6 Rc6 23. Kxg2 Rxb6 24. Re5 f4 25. g4 f6 26. Rd5+ Ke7 27. Rc1 Rg8 28. h3 Rg5 29. Rc7+ Ke6 30. Rxg5 fxg5 31. Rxh7 Bf8 32. Ra7 Rxb2 33. Rxa5 Be7 34. Kf3 Rd2 35. Re5+ Kd6 36. a5 Rxd4 37. Rf5 Ra4 38. h4 gxh4 39. Rxf4 Rxa5 40. Rd4+ Ke6 41. Rf4 Rg5 42. Rf5 Rg7 43. Rh5 Kf7 44. Kf4 Kg6 45. Ke4 Bd8 46. f4 Rb7 47. f5+ Kg7 48. g5 Rb4+ 49. Ke5 Rg4 50. g6 Bf6+ 51. Kd5 Bc3 52. Rh7+ Kf6 53. Rf7+ Kg5 54. Ke6 Re4+ 55. Kd6 h3 56. Rh7 Rh4 57. Rxh4 Kxh4 58. Ke6 h2 59. f6 Bxf6 60. Kxf6 h1Q 0-1

[Event "CRO-chT2 West"]
[Site "Croatia"]
[Date "2013.10.19"]
[Round "7.24"]
[White "Oljaca, Manuel"]
[Black "Relja, Marin"]
[Result "1-0"]
[WhiteElo "2003"]
[BlackElo "2050"]
[PlyCount "123"]
[EventDate "2013.03.16"]
[EventType "team-tourn"]
[EventRounds "9"]
[EventCountry "CRO"]
[SourceTitle "EXT 2019"]
[Source "ChessBase"]
[SourceDate "2018.10.10"]
[SourceVersion "1"]
[SourceVersionDate "2018.10.10"]
[SourceQuality "1"]
[WhiteTeam "Mali Losinj"]
[BlackTeam "Drazice Rjecina"]
[WhiteTeamCountry "CRO"]
[BlackTeamCountry "CRO"]

1. d4 Nf6 2. c4 d6 3. Nc3 Nbd7 4. e4 e5 5. d5 Be7 6. f3 0-0 7. Be3 c5 8. Qd2 a6 9. Bd3 Rb8 10. Nge2 Ne8 11. g4 h6 12. 0-0-0 Bg5 13. Bxg5 Qxg5 14. Qxg5 hxg5 15. h4 gxh4 16. Rxh4 g5 17. Rh5 f6 18. Rdh1 Ng7 19. Rh7 Nb6 20. Ng3 Na8 21. R7h6 Nc7 22. Nf5 Bxf5 23. Rh8+ Kf7 24. Rxf8+ Rxf8 25. exf5 Rb8 26. Ne4 Nce8 27. a4 Rc8 28. b3 Rb8 29. Kc2 Rc8 30. Kc3 a5 31. Rh8 Rc7 32. Kc2 Rc8 33. Nc3 Ke7 34. Nb5 Kd7 35. Rh7 Ke7 36. Kd2 Kf7 37. Rh8 Ke7 38. Ke3 Kf7 39. Nc3 Rd8 40. Ne4 Rd7 41. Ng3 Re7 42. Be4 Rd7 43. Nh1 Ke7 44. Nf2 Rc7 45. Kd3 Rd7 46. Kc3 Rc7 47. Rh6 Kf7 48. Nd3 Kg8 49. Kd2 Rf7 50. Nxc5 dxc5 51. d6 Nxd6 52. Bd5 Kf8 53. Rh8+ Ke7 54. Bxf7 Kxf7 55. Ra8 Nge8 56. Rxa5 e4 57. Ke3 exf3 58. Kxf3 Ke7 59. Rxc5 Kd7 60. Ke3 b6 61. Rd5 Kc6 62. Kd3 1-0

[Event "CRO-chT2 West"]
[Site "Croatia"]
[Date "2011.11.05"]
[Round "7.54"]
[White "Oljaca, Manuel"]
[Black "Brenc, Tomislav"]
[Result "1-0"]
[WhiteElo "2010"]
[BlackElo "2046"]
[PlyCount "55"]
[EventDate "2011.03.12"]
[EventType "team-tourn"]
[EventRounds "9"]
[EventCountry "CRO"]
[SourceTitle "EXT 2014"]
[Source "ChessBase"]
[SourceDate "2013.11.20"]
[SourceVersion "1"]
[SourceVersionDate "2013.11.20"]
[SourceQuality "1"]

1. d4 f5 2. e4 fxe4 3. Nc3 Nf6 4. Bg5 e6 5. f3 exf3 6. Nxf3 Be7 7. Bd3 Nc6 8. a3 d6 9. 0-0 0-0 10. Qe2 Bd7 11. Bxf6 Bxf6 12. Qe4 g6 13. d5 Ne5 14. Nxe5 Bxe5 15. dxe6 Bxe6 16. Bc4 Bxc4 17. Qxc4+ Kh8 18. Rad1 c6 19. b3 Qg5 20. Qd3 Qh4 21. Rxf8+ Rxf8 22. g3 Qg4 23. Kg2 h5 24. Ne4 h4 25. Nf2 Qh5 26. Re1 Rf3 27. Qxf3 h3+ 28. Nxh3 1-0

[Event "CRO-chT2 West"]
[Site "Croatia"]
[Date "2011.03.13"]
[Round "3.34"]
[White "Oljaca, Manuel"]
[Black "Fele, Vladimir"]
[Result "1-0"]
[WhiteElo "2014"]
[BlackElo "1984"]
[PlyCount "81"]
[EventDate "2011.03.12"]
[EventType "team-tourn"]
[EventRounds "9"]
[EventCountry "CRO"]
[SourceTitle "EXT 2014"]
[Source "ChessBase"]
[SourceDate "2013.11.20"]
[SourceVersion "1"]
[SourceVersionDate "2013.11.20"]
[SourceQuality "1"]

1. d4 d5 2. c4 c6 3. Nc3 Bf5 4. Nf3 e6 5. cxd5 cxd5 6. Qb3 Qc8 7. Bf4 Nc6 8. Rc1 Bb4 9. a3 Bxc3+ 10. Qxc3 Nge7 11. b4 a6 12. Qc5 0-0 13. e3 f6 14. Be2 Qd8 15. 0-0 Rc8 16. Qd6 Qb6 17. Qc5 Qd8 18. Qd6 Qb6 19. Nh4 Rfd8 20. Qc5 Qxc5 21. bxc5 e5 22. dxe5 fxe5 23. Bg5 Be6 24. Rb1 Rd7 25. Rb6 Rcc7 26. Nf3 Ng6 27. Rd1 Bf7 28. Nh4 Nge7 29. Bg4 Rd8 30. Nf5 h6 31. Bh4 Rb8 32. Nd6 g5 33. Nxf7 Kxf7 34. Bg3 Ng6 35. Bh5 Rg8 36. Rxd5 Nce7 37. Rxe5 Rd7 38. h3 Nc6 39. Rf5+ Ke7 40. Bd6+ Ke6 41. Bg4 1-0

[Event "Porec op"]
[Site "Porec"]
[Date "2009.12.05"]
[Round "6"]
[White "Ostovic, Matija"]
[Black "Oljaca, Manuel"]
[Result "1-0"]
[WhiteElo "2090"]
[BlackElo "1975"]
[PlyCount "107"]
[EventDate "2009.12.03"]
[EventType "swiss"]
[EventRounds "7"]
[EventCountry "CRO"]
[SourceTitle "CBM 133 Extra"]
[Source "ChessBase"]
[SourceDate "2010.01.05"]
[SourceVersion "1"]
[SourceVersionDate "2010.01.05"]
[SourceQuality "1"]

1. Nf3 d5 2. d4 e6 3. c4 c5 4. cxd5 exd5 5. Nc3 Nc6 6. Bf4 Nf6 7. e3 a6 8. Bg5 cxd4 9. Nxd4 Be7 10. Be2 0-0 11. 0-0 h6 12. Bh4 Be6 13. Rc1 Rc8 14. Nb3 Ne5 15. Na4 Nc4 16. Qd4 b5 17. Nac5 Qb6 18. Nxe6 fxe6 19. Rxc4 Qxd4 20. Rxd4 g5 21. Bg3 Rc2 22. Rd2 Rfc8 23. Bd3 Rxd2 24. Nxd2 Nd7 25. Nb3 Bf6 26. Nd4 Kf7 27. f4 Ke7 28. fxg5 Bxg5 29. Bf4 e5 30. Nf5+ Ke6 31. Ng7+ Kf6 32. Bxg5+ Kxg7 33. Be7 e4 34. Be2 Rc6 35. Bb4 Kg6 36. Bc3 Nb6 37. Bg4 Nc4 38. Bf5+ Kg5 39. Bd4 Nd2 40. Rd1 Nf3+ 41. gxf3 Kxf5 42. Bc3 exf3 43. Kf2 Ke6 44. Kxf3 h5 45. Rg1 Kf5 46. h4 Rc4 47. Rg5+ Ke6 48. Re5+ Kd6 49. Rxh5 b4 50. Bd4 Kc6 51. Rh6+ Kb5 52. Rb6+ Ka5 53. Rd6 Rc2 54. Rxd5+ 1-0

[Event "CRO-chT2a"]
[Site "Croatia"]
[Date "2009.10.03"]
[Round "7"]
[White "Oljaca, Manuel"]
[Black "Spika, Ivica"]
[Result "1-0"]
[WhiteElo "1975"]
[BlackElo "2096"]
[PlyCount "49"]
[EventDate "2009.04.04"]
[EventType "team-tourn"]
[EventRounds "9"]
[EventCountry "CRO"]
[SourceTitle "EXT 2011"]
[Source "ChessBase"]
[SourceDate "2010.11.26"]
[SourceVersion "1"]
[SourceVersionDate "2010.11.26"]
[SourceQuality "1"]

1. d4 Nf6 2. c4 e6 3. Nf3 d5 4. Nc3 dxc4 5. g3 c5 6. Bg2 Nc6 7. e3 cxd4 8. Nxd4 Nxd4 9. exd4 Qa5 10. 0-0 Bb4 11. Bg5 Bxc3 12. Bxf6 Bxb2 13. Bxg7 Rg8 14. Be5 Bxa1 15. Qxa1 Bd7 16. Bxb7 Ke7 17. d5 Rac8 18. Bf6+ Ke8 19. Bxc8 Bxc8 20. Rd1 Qc7 21. Qd4 Ba6 22. d6 Qd7 23. Rb1 Rg6 24. Rb8+ Bc8 25. Qxc4 1-0

[Event "Umag op"]
[Site "Umag"]
[Date "2005.03.24"]
[Round "6"]
[White "Oljaca, Manuel"]
[Black "Ghersinich, Giuseppe"]
[Result "1-0"]
[WhiteElo "1801"]
[BlackElo "2000"]
[PlyCount "99"]
[EventDate "2005.03.22"]
[EventType "swiss"]
[EventRounds "9"]
[EventCountry "CRO"]
[SourceTitle "CBM 105 Extra"]
[Source "ChessBase"]
[SourceDate "2005.05.01"]
[SourceVersion "1"]
[SourceVersionDate "2005.05.01"]
[SourceQuality "1"]

1. d4 d5 2. c4 Nf6 3. cxd5 Nxd5 4. Nf3 Bg4 5. e4 Nf6 6. e5 Nd5 7. Bc4 c6 8. 0-0 e6 9. Qb3 Nb6 10. Bg5 Be7 11. Bxe7 Qxe7 12. Nbd2 N8d7 13. Be2 Bf5 14. Rad1 0-0 15. Bd3 Bxd3 16. Qxd3 f5 17. Qb3 Rab8 18. Rfe1 Kh8 19. Nc4 Nxc4 20. Qxc4 Nb6 21. Qb3 Nd5 22. h4 h6 23. g3 Rf7 24. Qc2 Rg8 25. Kg2 g6 26. Qc1 Rh7 27. Rh1 Rc8 28. a3 Qf8 29. b4 Rhc7 30. Rd2 b6 31. Rc2 Kg7 32. Rf1 Qe7 33. Rh1 c5 34. bxc5 bxc5 35. dxc5 Rxc5 36. Rxc5 Rxc5 37. Qb2 Qd7 38. Rc1 Ra5 39. Qb8 Rxa3 40. Rc8 Qf7 41. Rd8 Rc3 42. Nd4 f4 43. Rh8 f3+ 44. Kh3 Nc7 45. Qc8 a5 46. Rd8 g5 47. Rd7 h5 48. hxg5 Rc1 49. Rxf7+ Kxf7 50. Nxf3 1-0

[Event "Umag op"]
[Site "Umag"]
[Date "2005.03.23"]
[Round "4"]
[White "Fattorich, Igor"]
[Black "Oljaca, Manuel"]
[Result "1-0"]
[WhiteElo "2058"]
[BlackElo "1801"]
[PlyCount "99"]
[EventDate "2005.03.22"]
[EventType "swiss"]
[EventRounds "9"]
[EventCountry "CRO"]
[SourceTitle "CBM 105 Extra"]
[Source "ChessBase"]
[SourceDate "2005.05.01"]
[SourceVersion "1"]
[SourceVersionDate "2005.05.01"]
[SourceQuality "1"]

1. d4 Nf6 2. Nf3 g6 3. Nbd2 Bg7 4. e4 d6 5. a4 Bg4 6. c3 0-0 7. Bd3 c5 8. h3 Bxf3 9. Nxf3 Nbd7 10. Qb3 Nb6 11. Qd1 c4 12. Bc2 d5 13. e5 Ne8 14. 0-0 e6 15. Nh2 f6 16. exf6 Nxf6 17. Re1 Qd6 18. g3 Nh5 19. Qg4 Rae8 20. f4 Nd7 21. Kg2 a5 22. Nf3 Kh8 23. Ng5 Rf6 24. Nxh7 Kxh7 25. Qxh5+ Kg8 26. Bxg6 Re7 27. Qh7+ Kf8 28. h4 Qc6 29. h5 Rxf4 30. Bxf4 Nf6 31. Qxg7+ Rxg7 32. Bh6 Kg8 33. Rf1 Ng4 34. Bg5 Rxg6 35. hxg6 Kg7 36. Kh3 Nh6 37. Bxh6+ Kxh6 38. Rf6 Kg7 39. Raf1 Qc8 40. Kh4 Qh8+ 41. Kg4 Qh2 42. Rxe6 Kh6 43. Rfe1 Qh5+ 44. Kf4 Qg5+ 45. Kf3 Qf5+ 46. Kg2 Qc2+ 47. R1e2 Qxa4 48. g4 Qd7 49. Kf3 Qg7 50. Rh2+ 1-0